Sports Quiz

Random Sports or NBA Quiz

2014-2015 Warriors 3-Pointers Quiz Stats

 Plays Quiz not verified by Sporcle

Challenge
Share
Tweet
Score 0/15 Timer 03:00
0 Plays Today
% Correct
Stephen Curry
97.2%
Klay Thompson
95.3%
Andrew Bogut
80.1%
Draymond Green
79.6%
Ognjen Kuzmic
74.9%
Festus Ezeli
73.5%
David Lee
72.5%
James Michael McAdoo
70.6%
% Correct
Harrison Barnes
66.8%
Shaun Livingston
66.4%
Andre Iguodala
64.9%
Leandro Barbosa
52.1%
Marreese Speights
49.8%
Brandon Rush
39.3%
Justin Holiday
38.9%

You're not logged in!

Compare scores with friends on all Sporcle quizzes.
OR
Log In

You Might Also Like...

Show Comments

Extras

Top Quizzes Today


Score Distribution

Your Account Isn't Verified!

In order to create a playlist on Sporcle, you need to verify the email address you used during registration. Go to your Sporcle Settings to finish the process.

Report this User

Report this user for behavior that violates our Community Guidelines.

Details: